000 01759nam a2200457 i 4500
001 197698
003 ES-MaACL
005 20250708165835.0
006 m o d
007 cr cnu||||||||
008 180601s2010 sp |o|||||000 0 spa d
017 _aZ 706-2010
_bOficina Depósito Legal Zaragoza
020 _z9788492774807
_qversión en papel
035 _a(MiAaPQ)EBC5213607
035 _a(Au-PeEL)EBL5213607
035 _a(CaPaEBR)ebr11493240
035 _a(OCoLC)1019663561
035 _aEBC5213607
035 _a(SpMaBN)a6381726
035 _a991017437659708606
040 _aFlNmELB
_bspa
_erda
_cFlNmELB
_dSpMaBN
050 4 _aQA76
_bC414 2010
080 _a004.738.5
100 1 _aCerf, Vinton G.,
_d1943-
_eaut
_9241124
245 1 0 _aAntología de Vinton G. Cerf /
_ctraducción de Bibiana Erustes Camps ; revisión de José Luis Briz Velasco
264 1 _aZaragoza :
_bPrensas de la Universidad de Zaragoza,
_c2010.
300 _a200 páginas :
_bilustrado ;
_c20 cm
336 _atext
_2rdacontent
337 _acomputer
_2rdamedia
338 _aonline resource
_2rdacarrier
504 _aContiene bibliografía
650 7 _aInternet
_2embne
_9241125
700 _aErustes Camps, Bibiana
_etrl
_9241126
700 _aBriz Velasco, José Luis
_etrl
_9241127
852 _aES-MaACL
_cDEPO1
_jA-15762
_hDonación: Centro de Información Documental de Archivos
_xEncuadernación rústica con solapas
_9206120
914 _aCentro de Información Documental de Archivos
_ednr
942 _n0
_cMONOGRAFIA
999 _c197698
_d197698